|
|
|
|
| LEADER |
01018nam a22003012a 4500 |
| 001 |
001447404 |
| 003 |
CZ BrMZK |
| 005 |
20150715102444.0 |
| 007 |
ta |
| 008 |
150108s1956 xo er|||||||||||slo d |
| 040 |
|
|
|a ABA001
|b cze
|c ABA001
|d BOA001
|
| 080 |
9 |
|
|a 885.4-821-32
|
| 100 |
0 |
|
|a Timrava,
|d 1867-1951
|7 jn19981002226
|4 aut
|
| 245 |
1 |
0 |
|a Zobrané spisy.
|n 3.,
|p Veľký majster. Bez hrdosti. Veľké šťastie /
|c Timrava ; edičně pripravil a štúdiu napísal Ivan Kusý
|
| 246 |
3 |
0 |
|a Veľký majster
|
| 246 |
3 |
0 |
|a Bez hrdosti
|
| 246 |
3 |
0 |
|a Veľké šťastie
|
| 250 |
|
|
|a 1. vyd.
|
| 260 |
|
|
|a Bratislava :
|b Slovenské vydavateľstvo krásnej literatúry,
|c 1956
|
| 300 |
|
|
|a 290 s.
|
| 490 |
1 |
|
|a Naši klasici
|
| 500 |
|
|
|a Vlastní jméno autorky: Božena Slánčiková
|
| 500 |
|
|
|a 4300 výt.
|
| 830 |
|
0 |
|a Naši klasici (SVKL)
|0 s
|
| 910 |
|
|
|a BOA001
|b 2-0339.866,3
|
| 990 |
|
|
|a BK
|
| 991 |
|
|
|b 201501
|
| 996 |
7 |
|
|b 2618988876
|c 2-0339.866,3
|l MZK
|r Sklad / do 24 hodin
|n 0
|w 001481721
|u 000010
|a 1
|e BOA001
|j MZK50
|s A
|